Online Public Access Catalogue

Text book of Orthodontics (Record no. 10962)

MARC details
000 -LEADER
fixed length control field 00537nam a22001577a 4500
020 ## - INTERNATIONAL STANDARD BOOK NUMBER
International Standard Book Number 9788185502908
082 ## - DEWEY DECIMAL CLASSIFICATION NUMBER
Classification number 617.64
Author Mark RAN
100 ## - MAIN ENTRY--PERSONAL NAME
Author Name Rani.MS
245 ## - TITLE STATEMENT
Title Text book of Orthodontics
250 ## - EDITION STATEMENT
Edition statement 3rd
260 ## - PUBLICATION, DISTRIBUTION, ETC.
Place of publication, distribution, etc. India
Name of publisher, distributor, etc. AIPD
Date of publication, distribution, etc. 2008
300 ## - PHYSICAL DESCRIPTION
No of Pages 392p.
illustrations ill;
Dimensions 24cm.
504 ## - BIBLIOGRAPHY, ETC. NOTE
Bibliography, Index, etc. note Including Index and Bibliography
650 ## - SUBJECT ADDED ENTRY--TOPICAL TERM
Subject Dentistry, Orthodontics
Keywords IDH
-- History Of Orthodontics
-- Etiology Of Malocclusion
-- Diagnostic Aids In Orthodontics
-- Development of Dentition
-- Treatment Planning In orthodontics
942 ## - ADDED ENTRY ELEMENTS (KOHA)
Source of classification or shelving scheme
Koha item type Books
952 ## - LOCATION AND ITEM INFORMATION (KOHA)
-- 2019-05-29
952 ## - LOCATION AND ITEM INFORMATION (KOHA)
-- 2019-05-29
952 ## - LOCATION AND ITEM INFORMATION (KOHA)
-- 2019-05-29
Holdings
Item status Home library Current library Shelving location Date acquired Total Checkouts Total Renewals Full call number Barcode Date last seen Date last checked out Koha item type
  Islamabad Dental Hospital Islamabad Dental Hospital Islamabad Dental Hospital 29/05/2019 4 2 617.64 RAN D-19 15/02/2024 11/01/2024 Books
  Islamabad Dental Hospital Islamabad Dental Hospital Islamabad Dental Hospital 29/05/2019     617.64 RAN D-20 18/06/2021   Books
  Islamabad Dental Hospital Islamabad Medical and Dental College Islamabad Dental Hospital 29/05/2019 3 2 617.64 RAN D-21 20/05/2022 05/01/2022 Books

Copyright @ IMDC Library
Islamabad Medical and Dental College
Bhara Kahu, Islamabad

  Contact the Librarian, IMDC
  Email:: library@imdcollege.edu.pk

  OPAC Customized by
  Mazhar Hussain,
  Librarian:
  Islamabad Medical and Dental College
  Email:: library@imdcollege.edu.pk